| 000 | 00389nam a2200157 a 4500 | ||
|---|---|---|---|
| 999 |
_c9692 _d9692 |
||
| 020 | _a0256088608 | ||
| 082 | _a621.31BAN | ||
| 100 | _aBannerjee, Partha P. | ||
| 245 | 1 | 0 | _aPrinciples of Applied Optics / |
| 260 |
_a[S.l.] : _bIrwin, _c1991. |
||
| 300 | _a347 p. | ||
| 650 | _aOptics | ||
| 700 | 1 | _aPoon, Ting-Chung. | |
| 856 | 4 | 0 | _uhttp://10.10.170.122:8080/browse/book/23943 |
| 942 | _cBK | ||